Metal bands with the word "Death" in their name - Statistics

General Stats
  • This quiz has been taken 262 times
    168 since last reset
  • The average score is 3 of 36
Answer Stats
Answer % Correct
Death
98%
Death Angel
52%
Napalm Death
36%
Black Death
17%
Morbid Death
11%
Acid Death
8%
Death Dealer
7%
Sudden Death
7%
Death Row
6%
Death SS
6%
Death Strike
6%
Death Breath
5%
Living Death
5%
Nuclear Death
5%
Blessed Death
4%
Death Machine
3%
Death Vomit
3%
Infernal Death
3%
Stormtroopers Of Death
3%
Brain Death
2%
Corporate Death
2%
Crawling Death
2%
Crimson Death
2%
Cryptic Death
2%
Death Bringer
2%
Death Chant
2%
Death Courier
2%
Death Sentence
2%
Death Squad
2%
Death Yell
2%
Dream Death
2%
Infant Death
2%
Merciless Death
2%
Nocturnal Death
2%
Slow Death
2%
Toxic Death
2%
No matching quizzes found
Score Distribution
Percent of People with Each Score
Percentile by Number Answered
Your Score History
You have not taken this quiz since the last reset